000 01003nam a2200217 i 4500
001 129717
003 ES-MaACL
005 20250803062534.0
007 t|
008 070704s1846 fr ||||1| fre d
080 _a94
245 0 0 _aPetits chefs-d'ouvre historiques /
_cprécedés d'une introduction et de notices historiques par M. Antoine de Latour.
260 _aParis :
_bLibrairie de Firmin Didot Frères,
_c1846.
300 _a382 p. ;
_c19 cm.
500 _aBiblioteca Jacinto Martínez Lacalle.
505 8 _aContiene: t. I. La conspiration de Walstein / par Sarrazin . La conspiration de Fiesque / par le cardinal de Retz . Relation des campagnes de Rocroy et de Fribourg / par Henri de Bessé . Histoire de la révolution de Rusie en 1762 / par Rulhières . Précis de l'histoire des Maures en Espagne / par Florian
650 1 7 _aHistoria
_2embne
_9179933
700 1 _aLatour, Antoine de (
_d1808-1881)
_9128733
852 _aES-MaACL
_jE-11814
_bR.138993
999 _c129717
_d129717